000 00841nam a2200253Ia 4500
003 OSt
005 20221005042939.0
006 a|||||r|||| 00| 0
007 ta
008 221004b |||||||| |||| 00| 0 eng d
020 _a978 0 7486 3780 5 (hbk)
_c4605
024 _a98882
037 _b09-07978, 09/12/2009, Atlantic Publisher & Dist. Pvt Ltd.
_cTextual
040 _aCRL
_cCRL
_beng
041 _2eng
_aeng
082 _aO111,L95:g, P9
100 _aFermanis Porscha
_9591040
245 0 _aJohn Keats and the ideas of the enlightement
260 _aEdinburgh
_bEdinburgh University Press UK
_c2009
300 _avii, 223p.
_ccm.
650 _aENGLISH LITERATURE
942 _hO111,L95:g, P9
_cTEXL
_2cc
999 _c951080
_d951080